000 00544nam a22002057a 4500
003 OSt
005 20140310183121.0
008 130511t xxu||||| |||| 00| 0 eng d
020 _a9715844014
050 _aQA276.A1
_b.B172 2005
082 _aFIL 519.2
_bL96 2005
245 _aProbability & Statistics
_cMaria Azucena Balberan - Lubrica
260 _aQuezon City
_bC & E Publishing, Inc
_c2005
300 _a98p
_c25cm
521 _aCollege Students
526 _c1210L-1700L
541 _j1
562 _e1
942 _2lcc
_cBK
_kFIL
999 _c18943
_d18943